Normal view
MARC view
Entry Personal Name
001 - CONTROL NUMBER
- control field: 9186
003 - CONTROL NUMBER IDENTIFIER
- control field: BD-RjUL
005 - DATE AND TIME OF LATEST TRANSACTION
- control field: 20230925130934.0
008 - FIXED-LENGTH DATA ELEMENTS
- fixed length control field: 230925|| aca||aabn | a|a d
040 ## - CATALOGING SOURCE
- Original cataloging agency: BD-RjUL
- Transcribing agency: BD-RjUL
100 ## - HEADING--PERSONAL NAME
- Personal name: سہیل, حکیم غلام حیدر
670 ## - SOURCE DATA FOUND
- Source citation: Work cat.: (BD-RjUL)81988: سہیل, حکیم غلام حیدر, الشيخ عبد القادر الجيلاني :Sheikh Abdul Qadir Jilani /, 1966